000 00831nam a22002417a 4500
999 _c3348
_d3348
003 AR-CdUCM
008 190306b ||||| |||| 00| 0 spa d
040 _aMUNICIPALIDAD PROVINCIAL DEL CUSCO
_cBIBLIOTECA MUNICIPAL DEL CUSCO
041 _heng
082 _22ed.
_a498.52 /
_bAC168
110 _aAcademia de quechua "yachay wasi"
_911101
245 _aQuechua hablado /
260 _aLima :
_bAcademia de quechua "yachay wasi",
_c1971.
300 _a65 paginas ;
_c28 cm.
500 _aUniversidad de Cornell, Nueva York USA.
505 _aNuestra palabra.-- Fonología y gramática -- Practica oral -- Dialogo -- Conversación...
650 _aFonologia
_911102
650 _aGramatica
_99175
650 _aQuechua
_92063
700 _aTupac Yupanqui, Demetrio (Traductor)
_911103
942 _2ddc
_cLIBROS
945 _awnts